Cities of Copa Libertadores Champions Quiz Stats

 Plays Quiz not verified by Sporcle

Challenge
Share
Tweet
Score 0/14 Timer 04:00
0 Plays Today
% Correct
Buenos Aires
97.5%
Santiago
96.9%
São Paulo
96.6%
Montevideo
95.7%
Rio de Janeiro
95.5%
Quito
93.7%
Asunción
85.3%
% Correct
Porto Alegre
84.7%
Medellín
84.2%
Belo Horizonte
79.6%
La Plata
72.4%
Santos
69%
Avellaneda
56%
Manizales
36.8%

You're not logged in!

Compare scores with friends on all Sporcle quizzes.
OR
Log In

You Might Also Like...

Show Comments

Extras

Top Quizzes Today


Score Distribution

Your Account Isn't Verified!

In order to create a playlist on Sporcle, you need to verify the email address you used during registration. Go to your Sporcle Settings to finish the process.

Report this User

Report this user for behavior that violates our Community Guidelines.

Details: